000 00344 a2200157 4500
001 55986
020 _a
040 _cAnchieta - Pituba
100 _aCésar e Rodrigo
240 1 0 _a1ª Inglês, III unidade
_lpor
245 1 0 _a1ª Inglês, III unidade
300 _a5
362 0 _a2017
650 4 _aInglês e inglês antigo
942 _cBK
999 _c55986
_d55986